| 000 | 00947cam a22002773a 4500 | ||
|---|---|---|---|
| 001 | 31191 | ||
| 003 | PGUSA | ||
| 005 | 20140828083656.0 | ||
| 008 | 100205s2010||||xxu|||||s|||||000 | eng d | ||
| 040 |
_aPGUSA _beng |
||
| 042 | _adc | ||
| 050 | 4 | _aE300 | |
| 100 | 1 |
_aDexter, Franklin, _d1793-1857 |
|
| 245 | 1 | 2 |
_aA Letter to the Hon. Samuel A. Eliot, Representative in Congress From the City of Boston, In Reply to His Apology For Voting For the Fugitive Slave Bill. _h[electronic resource] / _cFranklin Dexter |
| 260 |
_bProject Gutenberg, _c2010 |
||
| 500 | _aAlso ascribed to William Jay. | ||
| 506 | _aPublic domain in the USA. | ||
| 516 | _aElectronic text | ||
| 653 | _aSlavery -- United States | ||
| 653 | _aEliot, Samuel Atkins, 1798-1862 | ||
| 653 | _aFugitive slave law of 1850 | ||
| 700 | 1 |
_aJay, William, _d1789-1858 |
|
| 830 | 0 |
_aProject Gutenberg _v31191 |
|
| 856 | 4 | 0 | _uhttp://www.gutenberg.org/ebooks/31191 |
| 942 | _cEB | ||
| 999 |
_c260446 _d260446 |
||